Pequeño mundo / (Registro nro. 79970)
[ vista simple ]
| 000 -LEADER | |
|---|---|
| campo de control de longitud fija | 00586nam a2200181 i 4500 |
| 001 - NÚMERO DE CONTROL | |
| campo de control | 79970 |
| 003 - IDENTIFICADOR DE NÚMERO DE CONTROL | |
| campo de control | ES-MaACL |
| 005 - FECHA Y HORA DE LA ÚLTIMA TRANSACCIÓN | |
| campo de control | 20250930063103.0 |
| 007 - CAMPO FIJO DE DESCRIPCIÓN FÍSICA--INFORMACIÓN GENERAL | |
| campo de control de longitud fija | t| |
| 008 - DATOS DE LONGITUD FIJA--INFORMACIÓN GENERAL | |
| campo de control de longitud fija | 041025s1951 ag ||||1| spa d |
| 100 1# - ENTRADA PRINCIPAL--NOMBRE DE PERSONA | |
| Nombre de persona | Hesse, Hermann, |
| Fechas asociadas al nombre | 1877-1962 |
| 9 (RLIN) | 63472 |
| 245 10 - MENCIÓN DEL TÍTULO | |
| Título | Pequeño mundo / |
| Mención de responsabilidad, etc. | Hermann Hesse ; traducción del alemán por Arístides Gregori. |
| 260 ## - PUBLICACIÓN, DISTRIBUCIÓN, ETC. | |
| Lugar de publicación, distribución, etc. | Buenos Aires : |
| Nombre del editor, distribuidor, etc. | Santiago Rueda, |
| Fecha de publicación, distribución, etc. | [1951] ( |
| Fabricante | Bartolomé U. Chiesino) |
| 300 ## - DESCRIPCIÓN FÍSICA | |
| Extensión | 260 p. ; |
| Dimensiones | 20 cm. |
| 700 1# - ENTRADA AGREGADA--NOMBRE PERSONAL | |
| Nombre de persona | Gregori, Arístides. |
| 9 (RLIN) | 59892 |
| 852 ## - LOCALIZACIÓN | |
| Ubicación | ES-MaACL |
| Número de control de estantería | D-5900 |
| Sublocalización o colección | R.31452 |
| Estatus retirado | Estado de pérdida | Estado de daño | No para préstamo | Biblioteca de origen | Biblioteca actual | Ubicación en estantería | Fecha de adquisición | Fuente de adquisición | Total de préstamos | Signatura topográfica completa | Código de barras | Visto por última vez | Precio de reemplazo | Tipo de ítem Koha |
|---|---|---|---|---|---|---|---|---|---|---|---|---|---|---|
| Biblioteca del Ateneo de Madrid | Biblioteca del Ateneo de Madrid | Sala Valle Inclán | 17/01/2008 | D-5900 | 901083616 | 23/02/2023 | 23/02/2023 | Libro impreso |
